| 000 | 01053aam a2200385 4500 | ||
|---|---|---|---|
| 005 | 20260528160430.0 | ||
| 008 | 150729b2004 xxu||||| |||| 00| 0 spa d | ||
| 020 | _a8481746576 | ||
| 041 | _aESP | ||
| 082 | _a617.692 M258pr | ||
| 100 |
_aMallat Desplats, Ernest _921253 |
||
| 100 |
_aMallat Callís, Ernest _99754 |
||
| 245 | _aPrótesis parcial removible y sobredentaduras | ||
| 260 | _aEspaña | ||
| 260 | _bELSEVIER | ||
| 260 | _c2004 | ||
| 300 | _a503 páginas | ||
| 300 | _bFotografías a color | ||
| 490 | _aMecánica Dental | ||
| 650 | _aPRÓTESIS DENTALES | ||
| 650 | _aPRÓTESIS PARCIAL REMOVIBLE | ||
| 650 | _aSOBREDENTADURAS | ||
| 650 | _aCONECTORES MAYORES | ||
| 650 | _aGANCHOS | ||
| 650 | _aCONECTORES MENORES | ||
| 650 | _aRETENEDORES DIRECTOS | ||
| 650 | _aRETENEDORES INDIRECTOS | ||
| 650 | _aIMPLANTES | ||
| 650 | _aPERIODONCIA | ||
| 650 | _aPREPARACIÓN DE LA BOCA | ||
| 650 | _aCLÍNICA Y LABORATORIO | ||
| 650 | _aARTICULADOR SEMIAJUSTABLE | ||
| 650 | _aARTICULADOR WHIP-MIX | ||
| 942 |
_cBK _2ddc |
||
| 999 |
_c6960 _d6960 |
||